000 02335cam a22006014i 4500
003 PE-LiUPU
005 20250731180148.0
008 140718 2004 sp ad g f 1 0 spa d
020 _a8497561627
035 _a(Sirsi) i9788497561624
035 _a(Sirsi) 47773
035 _a(Sirsi) 47773
040 _aPE-LiUPU
_bspa
_cPE-LiUPU
_dPE-LiUPU
_erda
082 0 4 _a540
_bS21
100 1 _aSan Andrés Moya, Margarita
245 _aFundamentos de química y física para la conservación y restauración /
_cMargarita San Andrés Moya y Sonsoles de la Viña Ferrer.
264 1 _aVallehermoso, Madrid :
_bSíntesis,
_c2004
300 _a461 páginas :
_bilustraciones ;
_c23 cm
336 _2text
_btxt
_2rdacontent
337 _aunmediated
_bn
_2rdamedia
338 _avolume
_bnc
_2rdacarruer
490 0 _aPatrimonio cultural ;
_v2
504 _aIncluye bibliografía
505 0 _aComposición de la materia. Conceptos generales, nomenclatura y formulación de compuestos inorgánicos. Estructura de la materia. Tabla periódica de los elementos. El enlace químico. Disoluciones. Reacciones químicas. Ácidos y bases. Reacci
526 _aSEG44
526 _aSEG26
526 _aP159
526 _aP155
526 _aP154
526 _aP153
526 _aP150
526 _aP100
526 _aP31
526 _aP30
526 _aP26
526 _aP25
526 _aP24
526 _aP22
526 _aP15
526 _aP10
650 1 4 _aQuímica
650 1 4 _aFísica
700 1 _aViña Ferrer, Sonsoles de la,
_eautor.
942 _2ddc
_cBOOK
949 _a540 S21
_i65546
_lCCODEBUL1
_mBUL
_tLIBRO
_o.STAFF. Colección General
949 _a540 S21
_i70185
_lCCODEBUL1
_mBUL
_tLIBRO
_o.STAFF. Colección General
910 _agl
_bjv
_clch
_d20140718
596 _a1
999 _a540 S21
_wDEWEY
_c54025
_i65546
_d54025
_e2019-4-1
_f2021-11-5
_g7
_lCCODEBUL1
_mBUL
_n7
_p76.00
_r0
_sN
_tBOOK
_u2015-7-6
_xBIBLIOTECA
_PP24
_0COMPRA
_o.STAFF. Colección General
999 _a540 S21
_wDEWEY
_c2
_i70185
_d2018-2-26
_e2017-10-11
_f2021-11-5
_g7
_lCCODEBUL1
_mBUL
_n2
_p74.00
_q1
_r0
_sY
_tBOOK
_u2015-7-23
_xBIBLIOTECA
_PP24
_0COMPRA
_o.STAFF. Colección General
980 _81
_gALBERTO SANCHEZ Responsable de Automatización